000 00545nam a2200205Ia 4500
003 OSt
005 20230608091210.0
008 210423s2012 xx 000 0 und d
020 _a978-81-8376-362-2
040 _cAL
041 _aeng
082 _a361.614 BHAH
100 _aBHATNAGAR (Sanjeev).
_9122026
245 _aHuman rights violation: facts and foes.
260 _aNew Delhi
_bABDPublications
_c2012
300 _aviii,199
_bPB
365 _b795
_cINR
906 _afacts ; foes. ; Human ; rights ; violation:
942 _2ddc
_cBK
999 _c176278
_d176278